000 00507nam a2200193 a 4500
001 1770805515524
003 YourLibrary
005 20260211155850.0
008 260211s1998##################000#0#eng##
020 _a9780387982687
082 0 4 _a333.95
_bVER
100 1 _aVernadsky, Vladimir I.,
_eauthor.
245 1 0 _aThe Biosphere :
260 _bSpringer Science & Business Media,
_c1998.
300 _a226 pages
650 0 _aScience.
942 _cENGLISH
040 _aYourLibrary
_beng
_cYourLibrary
999 _c611805
_d611805